[Event "URU-chT3"]
[Site "Montevideo"]
[Date "2023.07.22"]
[Round "2.4"]
[White "Moratorio, Alberto"]
[Black "Sandez, Fabricio"]
[Result "0-1"]
[WhiteElo "1630"]
[BlackElo "1478"]
[PlyCount "38"]
[EventDate "2023.07.21"]
[EventType "swiss"]
[EventRounds "5"]
[EventCountry "URU"]
[SourceTitle "EXT 2024"]
[Source "ChessBase"]
[SourceDate "2023.10.10"]
[SourceVersion "1"]
[SourceVersionDate "2023.10.10"]
[SourceQuality "1"]
[WhiteTeam "Zwischenzug"]
[BlackTeam "f3 x g2"]
[WhiteTeamCountry "URU"]
[BlackTeamCountry "URU"]

1. e4 e6 2. d4 d5 3. e5 c5 4. c3 Nc6 5. Nf3 Qb6 6. Be2 cxd4 7. cxd4 Nge7 8. 0-0 Nf5 9. Be3 Nxe3 10. fxe3 Be7 11. Qc2 Bd7 12. Nc3 Rc8 13. a3 Na5 14. Bd3 Nc4 15. Bxc4 Rxc4 16. Qf2 0-0 17. e4 f6 18. exd5 fxe5 19. dxe5 Bc5 0-1

[Event "Montevideo Duchamp Cup 4th"]
[Site "Montevideo"]
[Date "2020.02.13"]
[Round "7"]
[White "Girona, Martin"]
[Black "Moratorio, Alberto"]
[Result "1/2-1/2"]
[WhiteElo "1505"]
[BlackElo "1661"]
[PlyCount "93"]
[EventDate "2020.02.08"]
[EventType "swiss"]
[EventRounds "9"]
[EventCountry "URU"]
[SourceTitle "CBM 194 Extra"]
[Source "ChessBase"]
[SourceDate "2020.03.31"]
[SourceVersion "1"]
[SourceVersionDate "2020.03.31"]
[SourceQuality "1"]

1. d4 d5 2. Nf3 c6 3. c4 Nf6 4. Bf4 dxc4 5. e3 b5 6. a4 Bb7 7. Be2 e6 8. 0-0 Bd6 9. Ne5 Nbd7 10. Nxf7 Kxf7 11. Bxd6 Nb6 12. Bg3 Nxa4 13. Qc2 c5 14. Nd2 cxd4 15. Nxc4 bxc4 16. Qxa4 d3 17. Rfd1 Nd5 18. Bf3 Nb6 19. Qb5 Bxf3 20. gxf3 Qd5 21. Qb4 Qxf3 22. b3 Rac8 23. bxc4 Rxc4 24. Qd6 Qd5 25. Qxd5 Nxd5 26. Rxd3 a5 27. f3 a4 28. Be1 Rc7 29. Bg3 Rc3 30. Rxc3 Nxc3 31. Kf2 Kf6 32. e4 e5 33. Ke3 Rd8 34. Be1 Nd1+ 35. Ke2 Nb2 36. Bc3 Rb8 37. Ra2 a3 38. Rxa3 Nc4 39. Ra6+ Rb6 40. Rxb6+ Nxb6 41. Ke3 g5 42. Kf2 Nd7 43. Kg3 Kg6 44. h4 Kh5 45. hxg5 Kxg5 46. Bd2+ Kg6 47. Bc3 1/2-1/2

[Event "Montevideo Duchamp Cup 4th"]
[Site "Montevideo"]
[Date "2020.02.12"]
[Round "6"]
[White "Moratorio, Alberto"]
[Black "Martinez, Carlos1"]
[Result "0-1"]
[WhiteElo "1661"]
[BlackElo "1757"]
[PlyCount "30"]
[EventDate "2020.02.08"]
[EventType "swiss"]
[EventRounds "9"]
[EventCountry "URU"]
[SourceTitle "CBM 194 Extra"]
[Source "ChessBase"]
[SourceDate "2020.03.31"]
[SourceVersion "1"]
[SourceVersionDate "2020.03.31"]
[SourceQuality "1"]

1. d4 Nf6 2. Bf4 g6 3. e3 Bg7 4. Be2 d5 5. Nf3 0-0 6. 0-0 Nbd7 7. c4 dxc4 8. Bxc4 Nb6 9. Bb3 c6 10. h3 Nbd5 11. Bh2 Re8 12. Nbd2 Nh5 13. e4 Ndf4 14. Nc4 Bxd4 15. Qxd4 Ne2+ 0-1

[Event "Montevideo Duchamp Cup 4th"]
[Site "Montevideo"]
[Date "2020.02.09"]
[Round "3"]
[White "Moratorio, Alberto"]
[Black "Muniz, Facundo"]
[Result "1-0"]
[WhiteElo "1661"]
[BlackElo "1226"]
[PlyCount "55"]
[EventDate "2020.02.08"]
[EventType "swiss"]
[EventRounds "9"]
[EventCountry "URU"]
[SourceTitle "CBM 194 Extra"]
[Source "ChessBase"]
[SourceDate "2020.03.31"]
[SourceVersion "1"]
[SourceVersionDate "2020.03.31"]
[SourceQuality "1"]

1. d4 Nf6 2. Bf4 g6 3. e3 Bg7 4. Be2 d6 5. h3 0-0 6. Nf3 c5 7. c4 cxd4 8. exd4 e6 9. Nc3 Re8 10. 0-0 Nc6 11. Bh2 Qe7 12. Re1 Bd7 13. Nb5 Ne4 14. Nc7 Rac8 15. Nxe8 Rxe8 16. Bd3 f5 17. Bxe4 fxe4 18. Rxe4 d5 19. cxd5 Nb4 20. dxe6 Bc6 21. Re1 Rc8 22. a3 Nd5 23. Rc1 b6 24. Ne5 Bb7 25. Rxc8+ Bxc8 26. Nc6 Qe8 27. Nb4 Nxb4 28. axb4 1-0

[Event "Montevideo Duchamp Cup 3rd"]
[Site "Montevideo"]
[Date "2019.02.10"]
[Round "2"]
[White "Lanzilotta, Filippo"]
[Black "Moratorio, Alberto"]
[Result "0-1"]
[WhiteElo "1171"]
[BlackElo "1694"]
[PlyCount "110"]
[EventDate "2019.02.09"]
[EventType "swiss"]
[EventRounds "9"]
[EventCountry "URU"]
[SourceTitle "CBM 188 Extra"]
[Source "ChessBase"]
[SourceDate "2019.02.28"]
[SourceVersion "1"]
[SourceVersionDate "2019.02.28"]
[SourceQuality "1"]

1. e4 e6 2. d4 d5 3. exd5 exd5 4. c4 Nf6 5. Nf3 Bf5 6. Nc3 c6 7. c5 Nbd7 8. Be3 Be7 9. Bd3 Bxd3 10. Qxd3 0-0 11. 0-0 Re8 12. Rfe1 b6 13. b4 bxc5 14. bxc5 Qc7 15. Rab1 Bf8 16. Bd2 Rxe1+ 17. Rxe1 Rb8 18. Rb1 Re8 19. g3 Ne4 20. Bf4 Qa5 21. Re1 Ndf6 22. Nxe4 dxe4 23. Qd2 Qa3 24. Ne5 Qa4 25. Bg5 Nd5 26. Bh4 f6 27. Nf3 Re7 28. Ne5 fxe5 29. Bxe7 Bxe7 30. Rxe4 Bf6 31. Qe1 Qxa2 32. dxe5 Be7 33. Qe2 Qb1+ 34. Qe1 Qb5 35. Qc1 Bxc5 36. Rc4 Bb6 37. Rxc6 Ne7 38. Qc4+ Qxc4 39. Rxc4 Kf7 40. Kg2 Ke6 41. f4 Kd5 42. Rc2 Nc6 43. e6 Ne7 44. Re2 Bd4 45. Rd2 a5 46. Kf3 Nc6 47. Re2 Bf6 48. Re3 Nd4+ 49. Kg2 Nxe6 50. Ra3 Bd8 51. Kf2 Bb6+ 52. Ke1 Nd4 53. Kd2 Bc5 54. Rd3 a4 55. Rc3 Bb4 0-1

[Event "Montevideo Duchamp Cup 3rd"]
[Site "Montevideo"]
[Date "2019.02.10"]
[Round "3"]
[White "Moratorio, Alberto"]
[Black "Rupel, David G"]
[Result "0-1"]
[WhiteElo "1694"]
[BlackElo "1953"]
[PlyCount "98"]
[EventDate "2019.02.09"]
[EventType "swiss"]
[EventRounds "9"]
[EventCountry "URU"]
[SourceTitle "CBM 188 Extra"]
[Source "ChessBase"]
[SourceDate "2019.02.28"]
[SourceVersion "1"]
[SourceVersionDate "2019.02.28"]
[SourceQuality "1"]

1. d4 Nf6 2. Bf4 d5 3. e3 c6 4. Nd2 Bf5 5. Ngf3 Nbd7 6. c4 e6 7. Qb3 Qc8 8. h3 Ne4 9. Nxe4 Bxe4 10. Be2 dxc4 11. Qxc4 Nb6 12. Qb3 Nd5 13. Bh2 Bb4+ 14. Nd2 Bxg2 15. Rg1 Be4 16. f3 Bg6 17. e4 Bxd2+ 18. Kxd2 Nf6 19. Rac1 0-0 20. Bc4 Qd7 21. Ke3 b5 22. Be2 Qb7 23. Rg5 Nd7 24. Bxb5 cxb5 25. Rc7 Qa6 26. Rxd7 Rac8 27. Rxb5 Qc6 28. Rxa7 Qc1+ 29. Kd3 Qf1+ 30. Ke3 Qg2 31. Bc7 Qg1+ 32. Kd3 Qf1+ 33. Ke3 Qc1+ 34. Kd3 Rxc7 35. Rab7 Qb1+ 36. Kd2 Qc1+ 37. Kd3 Qf1+ 38. Ke3 Rxb7 39. Rxb7 Qg1+ 40. Kd3 Rd8 41. Qb6 Qd1+ 42. Ke3 Qc1+ 43. Kd3 Rc8 44. Qb3 h5 45. a4 Qf1+ 46. Ke3 h4 47. Qd3 Qg1+ 48. Ke2 Rc1 49. Qd2 Qf1+ 0-1

[Event "Montevideo Duchamp Cup 3rd"]
[Site "Montevideo"]
[Date "2019.02.09"]
[Round "1"]
[White "Moratorio, Alberto"]
[Black "Coro, Lucas"]
[Result "0-1"]
[WhiteElo "1694"]
[BlackElo "2284"]
[PlyCount "48"]
[EventDate "2019.02.09"]
[EventType "swiss"]
[EventRounds "9"]
[EventCountry "URU"]
[SourceTitle "CBM 188 Extra"]
[Source "ChessBase"]
[SourceDate "2019.02.28"]
[SourceVersion "1"]
[SourceVersionDate "2019.02.28"]
[SourceQuality "1"]

1. d4 Nf6 2. Bf4 c5 3. c3 Qb6 4. Qb3 Qxb3 5. axb3 cxd4 6. cxd4 Nc6 7. e3 e6 8. Nf3 Bb4+ 9. Nc3 Nd5 10. Rc1 Nxf4 11. exf4 Na5 12. Nd2 d5 13. Bd3 Bd7 14. 0-0 0-0 15. Rfe1 Rac8 16. Re3 Rc7 17. Bc2 Rfc8 18. Bd1 a6 19. Nf3 Nc6 20. Kf1 Ne7 21. Bc2 Bd6 22. g3 b5 23. Ne5 Bxe5 24. fxe5 b4 0-1

[Event "Montevideo Duchamp Cup 2nd"]
[Site "Montevideo"]
[Date "2018.02.07"]
[Round "8"]
[White "Moratorio, Alberto"]
[Black "Pena Canapa, Alfredo"]
[Result "0-1"]
[WhiteElo "1695"]
[BlackElo "1893"]
[PlyCount "118"]
[EventDate "2018.02.02"]
[EventType "swiss"]
[EventRounds "9"]
[EventCountry "URU"]
[SourceTitle "CBM 182 Extra"]
[Source "ChessBase"]
[SourceDate "2018.02.23"]
[SourceVersion "1"]
[SourceVersionDate "2018.02.23"]
[SourceQuality "1"]

1. d4 Nf6 2. Bf4 d5 3. e3 c5 4. c3 Nc6 5. Nd2 Bf5 6. Ngf3 e6 7. Qb3 Qb6 8. Qxb6 axb6 9. Bb5 Nd7 10. 0-0 Be7 11. Rfe1 cxd4 12. exd4 0-0 13. a3 h6 14. h3 Ra5 15. Bf1 Raa8 16. Nb3 Bc2 17. Nbd2 Bf6 18. Rac1 Bg6 19. Re3 Rfc8 20. Ree1 Na5 21. Bb5 Nc6 22. Bf1 Bd8 23. Bb5 Nf6 24. Ne5 Nxe5 25. Bxe5 Ra5 26. Bf1 Raa8 27. c4 Nd7 28. Bg3 Bg5 29. f4 Bf6 30. Nf3 Be4 31. Ne5 Nxe5 32. dxe5 Be7 33. Bf2 Bc5 34. Red1 Kf8 35. Bd4 Ke7 36. g3 Bf3 37. Rd3 Be4 38. Rdd1 Bf3 39. Rd3 Be4 40. Rdd1 Ra4 41. Kf2 Bxd4+ 42. Rxd4 b5 43. Ke3 bxc4 44. Bxc4 Bg2 45. Bb3 Rxc1 46. Rxa4 Kd7 47. h4 Rb1 48. Rb4 Kc7 49. Ba4 Bf1 50. Be8 f6 51. exf6 gxf6 52. Bf7 Bh3 53. Bg6 Rg1 54. Kf2 Rc1 55. Kf3 Bf5 56. Bf7 b6 57. g4 Be4+ 58. Ke3 e5 59. fxe5 fxe5 0-1

[Event "Montevideo Duchamp Cup 2nd"]
[Site "Montevideo"]
[Date "2018.02.04"]
[Round "5"]
[White "Rueda, Joaquin"]
[Black "Moratorio, Alberto"]
[Result "1-0"]
[WhiteElo "1976"]
[BlackElo "1695"]
[PlyCount "49"]
[EventDate "2018.02.02"]
[EventType "swiss"]
[EventRounds "9"]
[EventCountry "URU"]
[SourceTitle "CBM 182 Extra"]
[Source "ChessBase"]
[SourceDate "2018.02.23"]
[SourceVersion "1"]
[SourceVersionDate "2018.02.23"]
[SourceQuality "1"]

1. e4 e6 2. d4 d5 3. Nd2 dxe4 4. Nxe4 Nd7 5. Nf3 Ngf6 6. Ng3 c5 7. Bd3 cxd4 8. Nxd4 Bc5 9. Nb3 Bd6 10. 0-0 Qc7 11. Nd4 a6 12. c3 0-0 13. Re1 Ne5 14. Bc2 b5 15. Bg5 Ned7 16. Qd3 h6 17. Bxf6 Nxf6 18. Nh5 Bxh2+ 19. Kh1 g6 20. Nxf6+ Kg7 21. Ng4 Bd6 22. Rad1 Rd8 23. Qf3 Bb7 24. Qf6+ Kh7 25. Nxe6 1-0

[Event "Montevideo Duchamp Cup 2nd"]
[Site "Montevideo"]
[Date "2018.02.03"]
[Round "3"]
[White "De Leon, Patricia O"]
[Black "Moratorio, Alberto"]
[Result "1/2-1/2"]
[WhiteElo "1994"]
[BlackElo "1695"]
[PlyCount "52"]
[EventDate "2018.02.02"]
[EventType "swiss"]
[EventRounds "9"]
[EventCountry "URU"]
[SourceTitle "CBM 182 Extra"]
[Source "ChessBase"]
[SourceDate "2018.02.23"]
[SourceVersion "1"]
[SourceVersionDate "2018.02.23"]
[SourceQuality "1"]

1. d4 d5 2. c4 c6 3. cxd5 cxd5 4. Nc3 Nf6 5. Bf4 Nc6 6. e3 a6 7. Bd3 Bg4 8. Nge2 e6 9. Rc1 Bd6 10. f3 Bh5 11. 0-0 Bg6 12. a3 Nh5 13. Bxd6 Qxd6 14. e4 dxe4 15. Nxe4 Qe7 16. Qa4 0-0 17. Rfd1 Nf6 18. Nxf6+ Qxf6 19. Bxg6 Qxg6 20. Qb3 Rab8 21. Rc5 Qf6 22. d5 Qe5 23. Qc2 Rfd8 24. d6 Qe3+ 25. Kf1 Rd7 26. Qc3 Qh6 1/2-1/2

[Event "Montevideo La Proa op 1st"]
[Site "Montevideo"]
[Date "2017.10.25"]
[Round "5"]
[White "Moratorio, Alberto"]
[Black "Rodriguez Farias, Eduardo"]
[Result "1-0"]
[WhiteElo "1653"]
[BlackElo "1937"]
[PlyCount "143"]
[EventDate "2017.09.27"]
[EventType "swiss"]
[EventRounds "5"]
[EventCountry "URU"]
[SourceTitle "EXT 2019"]
[Source "ChessBase"]
[SourceDate "2018.10.10"]
[SourceVersion "1"]
[SourceVersionDate "2018.10.10"]
[SourceQuality "1"]

1. d4 Nf6 2. Nf3 g6 3. Bf4 Bg7 4. e3 0-0 5. Be2 d6 6. h3 Nfd7 7. 0-0 e5 8. Bh2 Nc6 9. c3 h6 10. b4 f5 11. b5 Ne7 12. c4 Qe8 13. Nc3 g5 14. c5 f4 15. cxd6 cxd6 16. Qb3+ Kh8 17. dxe5 dxe5 18. Ne4 Nf5 19. Rac1 Nb6 20. Nc5 Qe7 21. a4 h5 22. a5 Nd7 23. Ne6 Rg8 24. Nexg5 Nh6 25. Ne6 Nf8 26. Nc7 Rb8 27. Bc4 e4 28. Bxg8 exf3 29. Bd5 Qg5 30. Bxf3 Bxh3 31. Bxf4 Qg6 32. Qc2 Bf5 33. e4 Bh3 34. Nd5 Re8 35. Qc7 Ne6 36. Qxb7 Nd4 37. Bg3 Nxf3+ 38. gxf3 Bxf1 39. Kxf1 h4 40. Nf4 Qg5 41. Rc8 Rxc8 42. Qxc8+ Kh7 43. Bh2 Qxb5+ 44. Ne2 Qxa5 45. Qc2 Qh5 46. e5+ Kh8 47. Nf4 Qxf3 48. Ng6+ Kg8 49. Qc8+ Kh7 50. Qc2 Nf5 51. Nxh4 Qh3+ 52. Ng2 Kg8 53. Qc4+ Kh8 54. Qc8+ Kh7 55. Qc2 Kg6 56. Qc6+ Kh5 57. Qe8+ Kh6 58. Qe6+ Kh7 59. Qf7 Qd3+ 60. Ke1 Qb1+ 61. Ke2 Nd4+ 62. Ke3 Nc2+ 63. Kf3 Qd1+ 64. Kg3 Nd4 65. Ne3 Qe2 66. e6 Kh6 67. Ng4+ Kh7 68. Qh5+ Kg8 69. Qf7+ Kh8 70. Qh5+ Kg8 71. Qe8+ Bf8 72. Qf7+ 1-0

[Event "Montevideo La Proa op 1st"]
[Site "Montevideo"]
[Date "2017.10.18"]
[Round "4"]
[White "Moratorio, Alberto"]
[Black "Aramburu, Gabriel"]
[Result "0-1"]
[WhiteElo "1653"]
[BlackElo "1723"]
[PlyCount "120"]
[EventDate "2017.09.27"]
[EventType "swiss"]
[EventRounds "5"]
[EventCountry "URU"]
[SourceTitle "EXT 2019"]
[Source "ChessBase"]
[SourceDate "2018.10.10"]
[SourceVersion "1"]
[SourceVersionDate "2018.10.10"]
[SourceQuality "1"]

1. Nf3 d5 2. d4 Nf6 3. Bf4 e6 4. e3 Be7 5. Nbd2 0-0 6. Bd3 b6 7. Qe2 c5 8. c3 a5 9. Ne5 Nfd7 10. Ndf3 Nxe5 11. Nxe5 f6 12. Qh5 f5 13. g4 Qe8 14. Qh3 Nc6 15. gxf5 Nxe5 16. Bxe5 exf5 17. Qg2 Qf7 18. Rg1 g6 19. Be2 Ba6 20. Bh5 cxd4 21. exd4 Bc4 22. b3 Ba6 23. Bf3 Bb7 24. c4 Bb4+ 25. Kd1 Rfd8 26. h4 Bd6 27. h5 Bxe5 28. hxg6 hxg6 29. dxe5 dxc4+ 30. Ke2 Bxf3+ 31. Qxf3 Rac8 32. Qh5 Rc6 33. Qg5 Rd4 34. Rad1 Re4+ 35. Kf3 Rxe5 36. Rd8+ Re8 37. Rxe8+ Qxe8 38. Qxf5 Qf7 39. Qxf7+ Kxf7 40. bxc4 Rxc4 41. Rb1 Rc2 42. Rxb6 Rxa2 43. Ra6 Kg7 44. Kg3 Kh6 45. f4 Kh5 46. Kf3 a4 47. Ra5+ Kh6 48. Ra6 Ra1 49. f5 a3 50. fxg6 a2 51. g7+ Kxg7 52. Ra7+ Kf6 53. Ra6+ Ke5 54. Ra5+ Kd4 55. Ra4+ Kc3 56. Ra3+ Kb4 57. Ra8 Rf1+ 58. Ke2 a1Q 59. Rb8+ Kc5 60. Rc8+ Kd6 0-1

[Event "Montevideo La Proa op 1st"]
[Site "Montevideo"]
[Date "2017.09.27"]
[Round "1"]
[White "Torres Valdes, Frank"]
[Black "Moratorio, Alberto"]
[Result "0-1"]
[WhiteElo "2020"]
[BlackElo "1653"]
[PlyCount "70"]
[EventDate "2017.09.27"]
[EventType "swiss"]
[EventRounds "5"]
[EventCountry "URU"]
[SourceTitle "EXT 2019"]
[Source "ChessBase"]
[SourceDate "2018.10.10"]
[SourceVersion "1"]
[SourceVersionDate "2018.10.10"]
[SourceQuality "1"]

1. d4 d5 2. Nf3 Nf6 3. Bg5 Nbd7 4. e3 e6 5. Nbd2 Be7 6. Bd3 0-0 7. Qe2 c5 8. c3 c4 9. Bc2 b5 10. Ne5 Nxe5 11. dxe5 Nd7 12. Bxe7 Qxe7 13. f4 f6 14. exf6 Nxf6 15. Nf3 Bd7 16. Ne5 Be8 17. 0-0 Nd7 18. Nc6 Qc5 19. Nd4 Rf6 20. Rf3 Bh5 21. Bxh7+ Kf7 22. Qf2 Bxf3 23. gxf3 g6 24. Kh1 Rh8 25. Bxg6+ Rxg6 26. f5 exf5 27. Qc2 Rh5 28. Nxf5 Ne5 29. Rf1 Nd3 30. Nd4 Rgh6 31. e4 Qd6 32. f4 dxe4 33. Rg1 Qxf4 34. Rg7+ Kxg7 35. Qg2+ Kf6 0-1

[Event "URU-chTB"]
[Site "Uruguay"]
[Date "2017.07.08"]
[Round "4.3"]
[White "Taran, Ignacio"]
[Black "Moratorio, Alberto"]
[Result "0-1"]
[WhiteElo "1918"]
[BlackElo "1639"]
[PlyCount "88"]
[EventDate "2017.07.07"]
[EventType "team-swiss"]
[EventRounds "5"]
[EventCountry "URU"]
[SourceTitle "EXT 2018"]
[Source "ChessBase"]
[SourceDate "2017.10.13"]
[SourceVersion "1"]
[SourceVersionDate "2017.10.13"]
[SourceQuality "1"]
[WhiteTeam "Solis de Pando"]
[BlackTeam "LP Zwischenzug"]
[WhiteTeamCountry "URU"]
[BlackTeamCountry "URU"]

1. e4 e6 2. d4 d5 3. Nd2 dxe4 4. Nxe4 Nd7 5. Nf3 Ngf6 6. Bd3 Be7 7. 0-0 0-0 8. Bf4 b6 9. Re1 Bb7 10. Ng3 c5 11. Be5 Rc8 12. c3 cxd4 13. Nxd4 Nxe5 14. Rxe5 Bd6 15. Re1 Rc5 16. Qd2 Nd5 17. Ne4 Bf4 18. Qe2 Bxh2+ 19. Kxh2 Qh4+ 20. Kg1 Nf4 21. Qf3 Rh5 22. Qxh5 Qxh5 23. Bf1 Qg6 24. Ng3 h5 25. Nde2 Nd3 26. Red1 h4 27. Rxd3 Qxd3 28. Nf4 Qd2 29. Nge2 g5 30. Nh3 e5 31. Kh2 g4 32. Nhg1 Qd5 33. f3 f5 34. b3 g3+ 35. Kh1 Rf6 36. Nh3 Qd2 37. Neg1 e4 38. Be2 exf3 39. Bxf3 Bxf3 40. Nxf3 Qxc3 41. Rd1 Qc2 42. Rd8+ Rf8 43. Rd2 Qb1+ 44. Nhg1 Qc1 0-1

[Event "Montevideo Duchamp Cup 1st"]
[Site "Montevideo"]
[Date "2017.02.15"]
[Round "9"]
[White "Moratorio, Alberto"]
[Black "Barandiaran, Gabriel"]
[Result "0-1"]
[WhiteElo "1662"]
[BlackElo "1879"]
[PlyCount "60"]
[EventDate "2017.02.09"]
[EventType "swiss"]
[EventRounds "9"]
[EventCountry "URU"]
[SourceTitle "CBM 176 Extra"]
[Source "ChessBase"]
[SourceDate "2017.03.02"]
[SourceVersion "1"]
[SourceVersionDate "2017.03.02"]
[SourceQuality "1"]

1. d4 d5 2. c4 c6 3. Nc3 dxc4 4. a4 Bf5 5. Nf3 Nf6 6. e3 e6 7. Bxc4 Bb4 8. 0-0 0-0 9. Qe2 Nbd7 10. e4 Bg4 11. e5 Nd5 12. Nxd5 cxd5 13. Bd3 f6 14. Qc2 Bxf3 15. Bxh7+ Kh8 16. gxf3 fxe5 17. dxe5 Nxe5 18. f4 Nf3+ 19. Kg2 Ne1+ 20. Rxe1 Bxe1 21. Be3 Bb4 22. Rg1 d4 23. Bc1 Qd7 24. Kh1 Rae8 25. Be4 Rf6 26. Qd3 Rh6 27. f5 Rh4 28. f3 Bd6 29. Rg2 Qc7 30. Qxd4 Bxh2 0-1

[Event "Montevideo Duchamp Cup 1st"]
[Site "Montevideo"]
[Date "2017.02.09"]
[Round "1"]
[White "Moratorio, Alberto"]
[Black "Carraro, Denise"]
[Result "0-1"]
[WhiteElo "1662"]
[BlackElo "2105"]
[PlyCount "84"]
[EventDate "2017.02.09"]
[EventType "swiss"]
[EventRounds "9"]
[EventCountry "URU"]
[SourceTitle "CBM 176 Extra"]
[Source "ChessBase"]
[SourceDate "2017.03.02"]
[SourceVersion "1"]
[SourceVersionDate "2017.03.02"]
[SourceQuality "1"]

1. d4 e6 2. c4 Nf6 3. Nf3 b6 4. g3 Ba6 5. Qc2 Bb7 6. Nc3 c5 7. dxc5 Bxc5 8. Bg2 0-0 9. 0-0 Nc6 10. a3 Rc8 11. e3 Be7 12. b4 d5 13. cxd5 Nxd5 14. Nxd5 Qxd5 15. Qe2 Qb3 16. Bb2 Qa4 17. Qd1 Qb5 18. Re1 Rfd8 19. Qe2 Qxe2 20. Rxe2 a5 21. b5 Nb8 22. Ne5 Bxg2 23. Kxg2 f6 24. Nf3 e5 25. Rd2 Rxd2 26. Nxd2 Rc2 27. Bc1 Nd7 28. a4 Nc5 29. Nf3 Nb3 30. Ba3 Nxa1 31. Bxe7 Ra2 32. Bd8 Rxa4 33. Bxb6 Nb3 34. Bd8 Rb4 35. b6 Kf7 36. Ne1 Nc5 37. Nc2 Rb3 38. Kf3 a4 39. Bc7 Ke6 40. Ke2 a3 41. f4 Rb2 42. Kd1 a2 0-1

[Event "URU-chT Interclubes Serie B"]
[Site "Montevideo"]
[Date "2016.09.24"]
[Round "2.23"]
[White "Moratorio, Alberto"]
[Black "Griselka, Diego"]
[Result "0-1"]
[WhiteElo "1658"]
[BlackElo "1751"]
[PlyCount "102"]
[EventDate "2016.09.23"]
[EventType "swiss"]
[EventRounds "5"]
[EventCountry "URU"]
[SourceTitle "EXT 2024"]
[Source "ChessBase"]
[SourceDate "2023.10.10"]
[SourceVersion "1"]
[SourceVersionDate "2023.10.10"]
[SourceQuality "1"]

1. e4 g6 2. d4 Bg7 3. Be3 d6 4. Qd2 Nf6 5. f3 0-0 6. Bh6 c5 7. Bxg7 Kxg7 8. g4 cxd4 9. g5 Ne8 10. Qxd4+ Kg8 11. h4 Qa5+ 12. c3 Nc6 13. Qd2 Qe5 14. Ne2 Nc7 15. Na3 b5 16. Qf4 b4 17. Qxe5 Nxe5 18. cxb4 Nxf3+ 19. Kf2 Ne5 20. Nd4 Bb7 21. Ke3 Rfc8 22. Bh3 e6 23. Ndb5 Nxb5 24. Nxb5 Nc4+ 25. Kd3 Nxb2+ 26. Ke3 Nc4+ 27. Kd3 Ba6 28. a4 Bxb5 29. axb5 Ne5+ 30. Kd2 Rc4 31. Rhc1 Rxc1 32. Rxc1 Rb8 33. Bf1 Rb7 34. Rc8+ Kg7 35. Rd8 Rd7 36. Rxd7 Nxd7 37. Ke3 f6 38. Bc4 Kf7 39. Bb3 Nb6 40. Kd4 Ke7 41. Ba2 fxg5 42. hxg5 Nd7 43. Bb3 Ne5 44. Bd1 Nf7 45. Be2 Nxg5 46. e5 Nf7 47. exd6+ Kxd6 48. Ke4 g5 49. Bh5 Ke7 50. Kd4 Nd8 51. Ke4 Nb7 0-1

[Event "Montevideo Viernes Trebejos 2nd"]
[Site "Montevideo"]
[Date "2015.10.16"]
[Round "4.6"]
[White "Cano, Carlos2"]
[Black "Moratorio, Alberto"]
[Result "0-1"]
[WhiteElo "1795"]
[BlackElo "1618"]
[PlyCount "42"]
[EventDate "2015.09.28"]
[EventType "swiss"]
[EventRounds "5"]
[EventCountry "URU"]
[SourceTitle "EXT 2024"]
[Source "ChessBase"]
[SourceDate "2023.10.10"]
[SourceVersion "1"]
[SourceVersionDate "2023.10.10"]
[SourceQuality "1"]

1. e4 c5 2. Nf3 e6 3. d4 cxd4 4. Nxd4 a6 5. Nc3 Qc7 6. a3 b5 7. Be2 Nf6 8. f3 Bb7 9. Qd3 d5 10. Bd2 Nbd7 11. b4 Bd6 12. g3 Ne5 13. Qe3 dxe4 14. fxe4 Neg4 15. Bxg4 Nxg4 16. Qd3 Ne5 17. Qe2 Nc4 18. Nf3 Nxd2 19. Qxd2 Rc8 20. Ne2 Bxe4 21. Neg1 Be5 0-1

[Event "Horacio Arevalo Memorial"]
[Site "Colonia del Sacramento"]
[Date "2014.05.03"]
[Round "2"]
[White "Arias Bouzada, Jorge"]
[Black "Moratorio, Alberto"]
[Result "1-0"]
[WhiteElo "2078"]
[BlackElo "1750"]
[PlyCount "63"]
[EventDate "2014.05.02"]
[EventType "swiss"]
[EventRounds "5"]
[EventCountry "URU"]
[SourceTitle "EXT 2016"]
[Source "ChessBase"]
[SourceDate "2015.10.08"]
[SourceVersion "1"]
[SourceVersionDate "2015.10.08"]
[SourceQuality "1"]

1. c4 e6 2. d4 d5 3. Nc3 Nf6 4. Bg5 c5 5. cxd5 exd5 6. Nf3 Be6 7. e3 Nbd7 8. Bb5 Rc8 9. Ne5 Be7 10. Bxf6 Bxf6 11. 0-0 Bxe5 12. dxe5 0-0 13. f4 Nb6 14. f5 Bd7 15. f6 g6 16. Qf3 Re8 17. Qf4 Kh8 18. Qh6 Rg8 19. Bxd7 Qxd7 20. Rf4 g5 21. Rf3 Rg6 22. Qh5 Nc4 23. Rd1 Nxe5 24. Rh3 h6 25. Nxd5 Rd8 26. Qxh6+ Rxh6 27. Rxh6+ Kg8 28. Ne7+ Qxe7 29. fxe7 Rxd1+ 30. Kf2 Ng4+ 31. Ke2 Rb1 32. e8Q+ 1-0

[Event "Pan American-ch Amateur"]
[Site "Montevideo"]
[Date "2013.10.28"]
[Round "9"]
[White "Moratorio, Alberto"]
[Black "Quevedo, Andreina"]
[Result "1-0"]
[WhiteElo "1694"]
[BlackElo "1528"]
[PlyCount "63"]
[EventDate "2013.10.24"]
[EventType "swiss"]
[EventRounds "9"]
[EventCountry "URU"]
[SourceTitle "EXT 2014"]
[Source "ChessBase"]
[SourceDate "2013.11.20"]
[SourceVersion "1"]
[SourceVersionDate "2013.11.20"]
[SourceQuality "1"]

1. e4 e5 2. Nc3 Nf6 3. f4 d6 4. Nf3 Nc6 5. Bc4 Be7 6. 0-0 Bg4 7. d3 Nd4 8. fxe5 dxe5 9. Bxf7+ Kxf7 10. Nxe5+ Kg8 11. Nxg4 Nxg4 12. Qxg4 h5 13. Qg6 Qe8 14. Nd5 Qxg6 15. Nxe7+ Kh7 16. Nxg6 Kxg6 17. c3 Nc6 18. Bf4 Rad8 19. d4 Rd7 20. h4 Re8 21. e5 a6 22. Rae1 Ne7 23. e6 Rd5 24. Bxc7 Nf5 25. g3 Re7 26. Bf4 b5 27. Rf3 a5 28. Bg5 Re8 29. e7 Rd7 30. Re5 Nxe7 31. Re6+ Kh7 32. Rfe3 1-0

[Event "Pan American-ch Amateur"]
[Site "Montevideo"]
[Date "2013.10.26"]
[Round "5"]
[White "Chamlian, Aram"]
[Black "Moratorio, Alberto"]
[Result "1-0"]
[WhiteElo "1725"]
[BlackElo "1694"]
[PlyCount "55"]
[EventDate "2013.10.24"]
[EventType "swiss"]
[EventRounds "9"]
[EventCountry "URU"]
[SourceTitle "EXT 2014"]
[Source "ChessBase"]
[SourceDate "2013.11.20"]
[SourceVersion "1"]
[SourceVersionDate "2013.11.20"]
[SourceQuality "1"]

1. e4 c5 2. Nc3 Nc6 3. g3 Nf6 4. Bg2 e6 5. f4 d6 6. d3 Be7 7. Nf3 0-0 8. 0-0 a6 9. Kh1 Qc7 10. Be3 Rb8 11. e5 dxe5 12. fxe5 Nxe5 13. Nxe5 Qxe5 14. Bf4 Qd4 15. Bxb8 Ng4 16. Ne4 Ne3 17. Qe2 Nxf1 18. Qxf1 Qxb2 19. Bd6 Re8 20. Bxe7 Rxe7 21. Nd6 Rc7 22. Nxc8 Rxc8 23. Rb1 Qxa2 24. Rxb7 f6 25. Qe2 a5 26. h3 a4 27. Qh5 e5 28. Qg4 1-0